Catálogo
 En Linea

Caricaturas / (Registro nro. 32600)

Detalles MARC
000 -CABECERA
campo de control de longitud fija 00404nam a2200145 a 4500
001 - NÚMERO DE CONTROL
campo de control 000033109
005 - FECHA Y HORA DE LA ÚLTIMA TRANSACCIÓN
campo de control 20200930070032.0
008 - DATOS DE LONGITUD FIJA--INFORMACIÓN GENERAL
campo de control de longitud fija 110817s1924 dr a 000 0 spa d
040 ## - FUENTE DE LA CATALOGACIÓN
Centro catalogador/agencia de origen DO-SdBNP
Lengua de catalogación spa
Centro/agencia transcriptor BNPHU
082 ## - NÚMERO DE LA CLASIFICACIÓN DECIMAL DEWEY
Número de clasificación xxx
Número de documento/Ítem D542
100 1# - ENTRADA PRINCIPAL--NOMBRE DE PERSONA
Nombre de persona Díaz, Matos
9 (RLIN) 58779
245 10 - MENCIÓN DE TÍTULO
Título Caricaturas /
Mención de responsabilidad, etc. Matos Díaz.
260 ## - PUBLICACIÓN, DISTRIBUCIÓN, ETC.
Lugar de publicación, distribución, etc. Sabto Domingo :
Nombre del editor, distribuidor, etc. La cuna de América,
Fecha de publicación, distribución, etc. 1924.
300 ## - DESCRIPCIÓN FÍSICA
Extensión [54 p.] :
Otras características físicas il. ;
Dimensiones 25 cm.
Existencias
Estado de retiro Estado de pérdida Restricciones de uso No para préstamo Código de colección Localización permanente Ubicación/localización actual Ubicación en estantería Fecha de adquisición Número de inventario Total de préstamos Signatura topográfica completa Código de barras Fecha visto por última vez Precio válido a partir de Tipo de ítem Koha Nota pública
      Excluido de préstamo Raros y valiosos Patrimonio Dominicano Patrimonio Dominicano En catalogación 17.08.2011 LF1   xxx D542 33109-10 25.06.2020 25.06.2020 No se presta Perteneció a la biblioteca personal de Martínez Boog

Con tecnología Koha